ILLUSTRATED MEDICAL MICROBIOLOGY (Record no. 1012)

MARC details
000 -LEADER
fixed length control field 00335nam a2200133Ia 4500
008 - FIXED-LENGTH DATA ELEMENTS--GENERAL INFORMATION
fixed length control field 150201s2009 xx 000 0 und d
082 ## - DEWEY DECIMAL CLASSIFICATION NUMBER
Classification number 612.015
Item number I09G
100 ## - MAIN ENTRY--PERSONAL NAME
Personal name GUPTE,SATISH
245 ## - TITLE STATEMENT
Title ILLUSTRATED MEDICAL MICROBIOLOGY
250 ## - EDITION STATEMENT
Edition statement 2ND
260 ## - PUBLICATION, DISTRIBUTION, ETC. (IMPRINT)
Name of publisher, distributor, etc. JAYPEE BROTHERS
Place of publication, distribution, etc. DELHI
Date of publication, distribution, etc. 2009
650 ## - SUBJECT ADDED ENTRY--TOPICAL TERM
Topical term or geographic name as entry element MICROBIOLOGY
942 ## - ADDED ENTRY ELEMENTS (KOHA)
Source of classification or shelving scheme Dewey Decimal Classification
Koha item type Books
Koha issues (borrowed), all copies 2
Holdings
Withdrawn status Lost status Source of classification or shelving scheme Damaged status Not for loan Collection code Home library Current library Shelving location Date acquired Source of acquisition Cost, normal purchase price SGTU Bill Number Total Checkouts Full call number Barcode Date last seen Date last checked out Bill Date Koha item type
    Dewey Decimal Classification     MEDICAL SGT Medical Library SGT Medical Library Text Book 08/03/2010 JAYPEE 295.00 SGTU 7892 3 612.015 I09G FM3954 06/08/2025 28/07/2025 08/03/2010 Books
    Dewey Decimal Classification     MEDICAL SGT Medical Library SGT Medical Library Text Book 08/03/2010 JAYPEE 295.00 SGTU 7892 4 612.015 I09G FM3955 01/12/2022 28/11/2022 08/03/2010 Books
    Dewey Decimal Classification     MEDICAL SGT Medical Library SGT Medical Library Text Book 08/03/2010 JAYPEE 295.00 SGTU 7892   612.015 I09G FM3956 09/02/2015   08/03/2010 Books